000 00531nam a2200169Ia 4500
003 GCL
008 140319s9999 xx 000 0 ara d
040 _aGCL /
_cGCL
082 0 4 _a160
_bع م
100 1 _aعبدالكريم حسن
245 1 0 _aالمنهج الموضوعى نظرية وتطبيق /
_cعبدالكريم حسن
260 _a[S.N] :
_bالمؤسسة الجامعية للدراسات والنشر والتوزيع ،
_c1990
300 _a176 ص
490 _a
650 0 4 _aالفلسفة
942 _2ddc
_cBK
999 _c53361
_d53361